Statistics for Countries of Oceania Without a Map

Click here to take the quiz!

General Stats

  • This quiz has been taken 73 times
    (59 since last reset)
  • The average score is 12 of 14

Answer Stats

InitialCountries% Correct
AAustralia
96%
VVanuatu
94%
KKiribati
92%
NNauru
92%
FFiji
90%
MMarshall Islands
90%
TTuvalu
90%
SSolomon Islands
88%
FFederated States
of Micronesia
86%
SSamoa
86%
NNew Zealand
84%
PPalau
84%
TTonga
84%
PPapua New
Guinea
80%

Score Distribution

Percentile by Number Answered

Percent of People with Each Score

Your Score History

You have not taken this quiz since the last reset